Equipos de las 5 grandes ligas que contiene cada letra A-Z - Estadísticas

Estadísticas generales
  • Esta prueba ha sido intentada 32 veces
    4 desde el último reinicio
  • La puntuación promedio es 114 de 262
Estadísticas de respuestas
Empieza con... Contiene... Ejemplo % Correcto
A A Atlético de Madrid
100%
A E Atlético de Madrid
100%
A I Atlético de Madrid
100%
A L Atlético de Madrid
100%
A O Augsburgo
100%
A R Atlético de Madrid
100%
A T Atlético de Madrid
100%
B A Barcelona
100%
B B Barcelona
100%
B C Barcelona
100%
B E Barcelona
100%
B L Barcelona
100%
B N Barcelona
100%
B O Barcelona
100%
B R Barcelona
100%
C A Chelsea
100%
C C Chelsea
100%
C E Chelsea
100%
C L Chelsea
100%
L E Liverpool
100%
L L Liverpool
100%
M A Manchester United
100%
M C Manchester United
100%
M D Manchester United
100%
M E Manchester United
100%
M H Manchester United
100%
M I Manchester United
100%
M M Manchester United
100%
M N Manchester United
100%
M R Manchester United
100%
M S Manchester United
100%
M T Manchester United
100%
M U Manchester United
100%
R A Real Madrid
100%
R D Real Madrid
100%
R E Real Madrid
100%
R I Real Madrid
100%
R L Real Madrid
100%
R M Real Madrid
100%
R O Roma
100%
R R Real Madrid
100%
S A Sevilla
100%
S E Sevilla
100%
S I Sevilla
100%
S L Sevilla
100%
S S Sevilla
100%
S V Sevilla
100%
A C Atlético de Madrid
75%
A D Atlético de Madrid
75%
A M Atlético de Madrid
75%
B D Borussia Dortmund
75%
B I Borussia Dortmund
75%
B M Bayern Munich
75%
B S Borussia Dortmund
75%
B T Borussia Dortmund
75%
B U Bayern Munich
75%
C O Celta de Vigo
75%
C S Chelsea
75%
L I Liverpool
75%
L O Liverpool
75%
L P Liverpool
75%
L R Liverpool
75%
L S Leeds
75%
L V Liverpool
75%
M L Mallorca
75%
R B Real Betis
75%
R S Racing de Estrasburgo
75%
R T Real Betis
75%
R V Rayo Vallecano
75%
V A Valencia
75%
V C Valencia
75%
V E Valencia
75%
V I Valencia
75%
V L Valencia
75%
V N Valencia
75%
V V Valencia
75%
A N Arsenal
50%
A S Arsenal
50%
A V Aston Villa
50%
B H Brighton
50%
B Y Bayern Munich
50%
C D Celta de Vigo
50%
C G Celta de Vigo
50%
C H Chelsea
50%
C I Cagliari
50%
C M Cremonese
50%
C T Celta de Vigo
50%
C V Celta de Vigo
50%
F F Fiorentina
50%
F I Fiorentina
50%
F O Fiorentina
50%
F R Fiorentina
50%
F U Frankfurt
50%
G A Girona
50%
G G Girona
50%
J E Juventus
50%
J J Juventus
50%
J N Juventus
50%
J S Juventus
50%
J T Juventus
50%
J U Juventus
50%
J V Juventus
50%
L A Lazio
50%
L D Leeds
50%
L N Levante
50%
L Z Lazio
50%
M Y Manchester City
50%
P A Paris Saint Germain
50%
P E Paris Saint Germain
50%
P G Paris Saint Germain
50%
P I Paris Saint Germain
50%
P M Paris Saint Germain
50%
P N Paris Saint Germain
50%
P P Paris Saint Germain
50%
P R Paris Saint Germain
50%
P S Paris Saint Germain
50%
P T Paris Saint Germain
50%
R C Racing de Estrasburgo
50%
T N Tottenham
50%
T O Tottenham
50%
T T Tottenham
50%
W A West Ham
50%
W E West Ham
50%
W H West Ham
50%
W L Wolverhampton
50%
W M West Ham
50%
W N Wolverhampton
50%
W O Wolverhampton
50%
W P Wolverhampton
50%
W R Wolverhampton
50%
W T West Ham
50%
W V Wolverhampton
50%
W W West Ham
50%
B G Brighton
25%
C R Crystal Palace
25%
C Y Crystal Palace
25%
E C Elche
25%
E E Everton
25%
E H Elche
25%
E L Elche
25%
F A Fiorentina
25%
F B Friburgo
25%
F E Fiorentina
25%
F G Friburgo
25%
F K Frankfurt
25%
F N Fiorentina
25%
F T Fiorentina
25%
G E Genoa
25%
G F Getafe
25%
G I Girona
25%
G N Girona
25%
G O Girona
25%
G R Girona
25%
G T Getafe
25%
I E Inter Milan
25%
I I Inter Milan
25%
I L Inter Milan
25%
I M Inter Milan
25%
I N Inter Milan
25%
I R Inter Milan
25%
I T Inter Milan
25%
K K Koln
25%
K L Koln
25%
K N Koln
25%
K O Koln
25%
M O Mallorca
25%
N A Napoli
25%
N I Napoli
25%
N L Napoli
25%
N N Napoli
25%
N O Napoli
25%
N P Napoli
25%
O A Osasuna
25%
O N Osasuna
25%
O O Osasuna
25%
O S Osasuna
25%
O U Osasuna
25%
R N Rayo Vallecano
25%
R Y Rayo Vallecano
25%
S G Stuttgart
25%
S T Stuttgart
25%
S U Sunderland
25%
T A Tottenham
25%
T E Tottenham
25%
T H Tottenham
25%
T I Torino
25%
T M Tottenham
25%
T R Torino
25%
U B Unión Berlín
25%
U D Udinese
25%
U E Udinese
25%
U I Udinese
25%
U L Unión Berlín
25%
U N Udinese
25%
U O Unión Berlín
25%
U R Unión Berlín
25%
U S Udinese
25%
U U Udinese
25%
A B Augsburgo
0%
A G Augsburgo
0%
A H Athletic Club
0%
A U Augsburgo
0%
A X Auxerre
0%
B F Brentford
0%
B K Bayer Leverkusen
0%
B V Bayer Leverkusen
0%
C N Cremonese
0%
E N Everton
0%
E O Everton
0%
E R Everton
0%
E T Everton
0%
E V Everton
0%
F H Fulham
0%
F L Fulham
0%
F M Fulham
0%
H A Hamburgo
0%
H B Hamburgo
0%
H D Heidenheim
0%
H E Hoffenheim
0%
H F Hoffenheim
0%
H G Hamburgo
0%
H H Hamburgo
0%
H I Hoffenheim
0%
H M Hamburgo
0%
H N Hoffenheim
0%
H O Hamburgo
0%
H R Hamburgo
0%
H U Hamburgo
0%
L C Lecce
0%
L G Leipzig
0%
L H Le Havre
0%
L T Levante
0%
M Z Metz
0%
N C Newcastle
0%
N E Newcastle
0%
N F Nottingham Forest
0%
N G Nottingham Forest
0%
N H Nottingham Forest
0%
N M Nottingham Forest
0%
N R Nottingham Forest
0%
N S Newcastle
0%
N T Newcastle
0%
N W Newcastle
0%
R G Racing de Estrasburgo
0%
R P Real Español
0%
R U Racing de Estrasburgo
0%
S D Sunderland
0%
S N Sunderland
0%
S O Sassuolo
0%
S P St Pauli
0%
S R Sunderland
0%
T L Toulouse
0%
T S Toulouse
0%
T U Toulouse
0%
V O Verona
0%
V R Villarreal
0%
W B Wolfsburgo
0%
W D Werder Bremen
0%
W F Wolfsburgo
0%
W G Wolfsburgo
0%
W S West Ham
0%
W U Wolfsburgo
0%
No se encontraron pruebas coincidentes
Distribución de puntuación
Porcentaje de gente con cada puntuación
Porcentaje por número respondido
Historial de tus puntuaciones
No has intentado esta prueba desde el último reinicio